Mediación y resiliencia : Formación básica en gestión, resolución y transformación de conflictos /
Guardado en:
| Autor Principal: | |
|---|---|
| Formato: | Libro |
| Idioma: | Spanish |
| Publicado: |
La Plata :
Fundación Editora Notarial,
2012.
|
| Edición: | 3a. ed. amp. y act. |
| Materias: | |
| Etiquetas: |
Agregar Etiqueta
Sin Etiquetas, Sea el primero en etiquetar este registro!
|
| LEADER | 00648nam a22001815a 4500 | ||
|---|---|---|---|
| 001 | DER.der014038 | ||
| 008 | 190911s2012####ag#||||||||||||||#||spa|| | ||
| 005 | 20240826133621.0 | ||
| 245 | 1 | 0 | |a Mediación y resiliencia : |b Formación básica en gestión, resolución y transformación de conflictos / |c Graciela Curuchelar. |
| 250 | |a 3a. ed. amp. y act. | ||
| 260 | |a La Plata : |b Fundación Editora Notarial, |c 2012. | ||
| 300 | |a 256 p. | ||
| 020 | |a 9789871050321 | ||
| 100 | 1 | |a Caruchelar, Graciela. | |
| 650 | 7 | |a MEDIACION | |
| 650 | 7 | |a RESOLUCION ALTERNATIVA DE CONFLICTOS | |
| 650 | 7 | |a NEGOCIACION COLABORATIVA | |
| 859 | |a DERECHO |b BIB. DERECHO |h 347.09 |i CUR |p 009263 | ||
